| 000 | 00829nam0a2200277 4500 | ||
|---|---|---|---|
| 001 | RU\NLR\ONL1\3323 | ||
| 005 | 20250613114114.0 | ||
| 035 | _a(NLR Aleph) 009632076 | ||
| 090 |
_a9500059 _c9500059 |
||
| 100 | _a20040608d1932 |||y0rusy50 ca | ||
| 101 | 0 | _achm | |
| 102 | _aRU | ||
| 105 | _ay ||||||||| | ||
| 200 | 1 |
_aСокыр лиймаш _fД-р Коленько А. Б. _g[Пер. Г. Игнатьева] |
|
| 210 |
_aЙошкар-Ола _cМаробиздат _d1932 |
||
| 215 |
_a20 с. _d19 |
||
| 541 | 1 |
_aО слепоте _zrus |
|
| 606 | 0 |
_aСлепота _91122685 _3RU\NLR\auth\66125223 |
|
| 686 | 1 | _aР670.2 | |
| 700 | 1 |
_aКоленько _bА. Б. _4070 |
|
| 801 | 0 |
_aRU _bNLR _c20040608 _gPSBO |
|
| 852 |
_aNLR _bОНЛ _jМар.л./2-498 |
||
| 942 | _cBOOK | ||
| 980 | _aNB | ||